Sports Quiz

Random Sports or Football Quiz

Undefeated But No Championship Quiz Stats

 Plays Quiz Updated Jan 10, 2018

Challenge
Share
Tweet
Embed
Score 0/23 Timer 05:00
10 Plays Today
Final Ranking, Year Team % Correct
#5 in 2006Boise State
88.9%
#4 in 2009Boise State
88.9%
#3 in 2012*Ohio State
81.5%
#2 in 1979Southern California
77%
#5 in 1992Michigan
74.4%
#4 in 1993*Auburn
73.8%
#2 in 2004Auburn
73.8%
#6 in 2017UCF
72.6%
#2 in 2010Texas Christian
72.3%
#2 in 1994Penn State
67.8%
#4 in 2004Utah
67.6%
#2 in 2008Utah
67.6%
Final Ranking, Year Team % Correct
#10 in 1974Miami, Ohio
54.2%
#2 in 1982Southern Methodist
50%
#8 in 1994*Texas A&M
37.9%
#10 in 1999Marshall
32.2%
#2 in 1975Arizona State
27.2%
#24 in 1995Toledo
25.1%
#7 in 1998Tulane
24.9%
#16 in 1985Fresno State
22.7%
#4 in 1987Syracuse
16.6%
#17 in 1976Rutgers
10.1%
Unranked in 1975Arkansas State
4.6%

You're not logged in!

Compare scores with friends on all Sporcle quizzes.
OR
Log In

You Might Also Like...

Show Comments

Extras

Top Quizzes Today


Score Distribution

Your Account Isn't Verified!

In order to create a playlist on Sporcle, you need to verify the email address you used during registration. Go to your Sporcle Settings to finish the process.

Report this User

Report this user for behavior that violates our Community Guidelines.

Details: